Biggest City in Each European Country on a Map - Statistics

General Stats
  • This quiz has been taken 114 times
  • The average score is 38 of 45
Answers on the Map
Answers color-coded by a green-red scale on the quiz's map according to % correct below.
 
Answer Stats
Population City % Correct
14.8 M London
99%
6.55 M Madrid
98%
11.4 M Paris
98%
2.48 M Lisbon
97%
1.39 M Dublin
96%
1.19 M Oslo
95%
4.73 M Berlin
94%
3.35 M Athens
93%
3.48 M Kiev
93%
17.3 M Moscow
93%
2.23 M Stockholm
93%
6.20 M Milan
91%
1.44 M Prague
91%
2.70 M Brussels
90%
1.68 M Copenhagen
90%
1.30 M Helsinki
89%
2.38 M Warsaw
89%
120 K Luxembourg
88%
38 K Monaco
88%
128 K Reykjavik
88%
1.30 M Sofia
88%
2.00 M Minsk
87%
688 K Riga
87%
825 Vatican City
87%
2.25 M Vienna
87%
2.63 M Budapest
86%
465 K Tallinn
86%
809 K Zagreb
86%
2.40 M Bucharest
85%
1.42 M Belgrade
84%
438 K Sarajevo
83%
3.25 M Rotterdam
82%
572 K Vilnius
82%
1.43 M Zurich
82%
20 K Andorra la Vella
81%
553 K Skopje
80%
872 K Tirana
80%
460 K Valletta
80%
476 K Bratislava
79%
286 K Ljubljana
78%
585 K Chisinau
74%
248 K Podgorica
73%
337 K Pristina
69%
5 K Schaan
27%
9 K Serravalle
22%
No matching quizzes found
Score Distribution
Percent of People with Each Score
Percentile by Number Answered
Your Score History
You have not taken this quiz